000 00423nam a2200181Ia 4500
001 11041
005 20260306161917.0
008 260306t1973||||xx |||||||||||||| ||spa||
041 _aESP
082 _a985.001
_bP78
100 _aPorras Barrenechea, Raúl
_eAUT
245 0 _aEl nombre del Perú
260 _c1973
300 _a99 páginas :
_c19 cm.
650 _aGEN
654 _aCHU
942 _cLIB
_dJUS
_fJUS
_2ddc
_n
999 _c11041
_d11041